| 000 | 00727cam a2200265 a 4500 | ||
|---|---|---|---|
| 999 |
_c7225 _d7225 |
||
| 001 | 7225 | ||
| 003 | BD-JhCC | ||
| 005 | 20180417184625.0 | ||
| 008 | 850118s1986 caua 001 0 eng | ||
| 035 | _a(BD-JhCC)7225 | ||
| 040 |
_aDLC _cDLC _dDLC _dBD-JhCC |
||
| 041 | _aeng | ||
| 050 | 0 | 0 |
_aQA107 _b.W58 1986 |
| 082 | 0 | 0 |
_a513 _219 _bARI 1963 |
| 245 | 1 | 0 |
_aArithmetic / _cE. T. Mcswain...[et.all] |
| 260 |
_aNew Jersey : _bLaidlaw Brothers, _c1963 |
||
| 300 |
_aviii, 406 p. : _bill. ; _c28 cm. |
||
| 440 | 0 | _aHarcourt Brace Jovanovich college outline series | |
| 440 | 0 | _aBooks for professionals | |
| 500 | _aIncludes index. | ||
| 650 | 0 | _aArithmetic. | |
| 700 | 1 | _aMcswain, E. T. | |
| 942 |
_2ddc _cBK |
||